|
|
|
|
| LEADER |
02209nam a2200505 i 4500 |
| 001 |
nkc20203241160 |
| 003 |
CZ PrNK |
| 005 |
20220114160327.0 |
| 007 |
ta |
| 008 |
210222s2020 xr a b 000 j cze |
| 015 |
|
|
|a cnb003241160
|
| 020 |
|
|
|a 978-80-270-8203-2
|q (vázáno)
|
| 035 |
|
|
|a (OCoLC)1260124178
|
| 040 |
|
|
|a ABG001
|b cze
|d ABA001
|e rda
|
| 072 |
|
7 |
|a 821.162.3-3
|x Česká próza
|2 Konspekt
|9 25
|
| 072 |
|
7 |
|a 821-93
|x Literatura pro děti a mládež (beletrie)
|2 Konspekt
|9 26
|
| 080 |
|
|
|a 821.162.3-32
|2 MRF
|
| 080 |
|
|
|a 821-93
|2 MRF
|
| 080 |
|
|
|a 683.9
|2 MRF
|
| 080 |
|
|
|a (0:82-32)
|2 MRF
|
| 100 |
1 |
|
|a Smolíková, Klára,
|d 1974-
|7 mzk2004221717
|4 aut
|
| 245 |
1 |
0 |
|a Děda kamnář a toulavý Pecivál /
|c napsala Klára Smolíková ; ilustrovala Komára
|
| 250 |
|
|
|a 1. vydání
|
| 264 |
|
1 |
|a Jinačovice :
|b Banador s.r.o.,
|c 2020
|
| 300 |
|
|
|a 27 stran :
|b barevné ilustrace ;
|c 28 cm
|
| 336 |
|
|
|a text
|b txt
|2 rdacontent
|
| 336 |
|
|
|a statický obraz
|b sti
|2 rdacontent
|
| 337 |
|
|
|a bez média
|b n
|2 rdamedia
|
| 338 |
|
|
|a svazek
|b nc
|2 rdacarrier
|
| 500 |
|
|
|a "Vydáno k 25. výročí založení Cechu kamnářů České republiky"
|
| 500 |
|
|
|a Pod názvem: Cech kamnářů České republiky
|
| 520 |
2 |
|
|a Nejde elektřina, netopí topení a je prosinec. Sourozenci Natálka a Hugo musí odjet k dědovi, protože ten topí v kamnech dřevem.
|b Hugo a Natálka tráví dny u dědy v teple, dokud jim doma neobnoví dodávku elektrické energie. Děda má doma stará kachlová kamna a dokonce je kamnářský mistr. Kniha seznamuje děti se starým kamnářským řemeslem.
|
| 650 |
0 |
7 |
|a kamnářství
|7 ph318962
|2 czenas
|
| 650 |
0 |
9 |
|a stovemaking
|2 eczenas
|
| 655 |
|
7 |
|a české příběhy
|7 fd133973
|2 czenas
|
| 655 |
|
7 |
|a publikace pro děti
|7 fd133156
|2 czenas
|
| 655 |
|
9 |
|a Czech stories
|2 eczenas
|
| 655 |
|
9 |
|a children's literature
|2 eczenas
|
| 700 |
1 |
|
|a Komárková, Ilona,
|d 1977-
|7 xx0044319
|4 ill
|
| 710 |
2 |
|
|a Cech kamnářů České republiky
|7 ko20211115913
|4 isb
|
| 910 |
2 |
|
|a BOA001
|b 3-1473.790
|
| 920 |
|
|
|a 4582645
|z ABG001
|
| 990 |
|
|
|a BK
|
| 995 |
|
|
|a 01
|
| 996 |
6 |
|
|b 2610879684
|c 3-1473.790
|l MZK
|r Sklad / do 1 hodiny
|n 0
|p p.v.
|w 001863148
|u 000010
|a 1
|e BOA001
|j MZK50
|s P
|